Noticias del planeta tierra : galileo galilei y la revolución científica /

Guardado en:
Autor Principal: Boido, Guillermo
Formato: Libro
Publicado: Buenos Aires : A-z, 1998
Edición:2a. ed.
Materias:
Etiquetas: Agregar Etiqueta
Sin Etiquetas, Sea el primero en etiquetar este registro!
LEADER 01119nam a22002175a 4500
001 CEM.cems009886
005 20080703102613.0
008 130507s1998##################000#0#####d
003 CEMS
020 |a 9505343825 
082 0 4 |a 001.09 
100 1 |a Boido, Guillermo 
245 1 0 |a Noticias del planeta tierra :  |b galileo galilei y la revolución científica /  |c Guillermo Boido 
250 |a 2a. ed. 
260 |a Buenos Aires :  |b A-z,  |c 1998 
300 |a 398 p. 
505 0 |a Los arquitectos del universo -- Premoniciones de un nuevo mundo -- Años de cátedra en Pisa y Padua -- La nueva astronomía y el telescopio -- Cuerpos flotantes y manchas solares -- Galileo y la Iglesia I -- Armonías, cometas y atomismo -- El gran manifiesto copernicano -- Galileo y la iglesia II -- Los últimos años -- Los discorsi y sus dos nuevas ciencias I -- Los discorsi y sus dos nuevas ciencias II -- La construcción de la ciencia mecanicista -- La arquitectura de la nueva cosmología 
653 |a Ciencia 
653 |a Ciencia-historia 
653 |a Galileo galilei 
859 |a CEMS  |b BIB. CEMS - 11 de abril  |h 001.09  |i B635a2  |p 20206.99  |t Ej.1